00378 a2200109 4500001001000000005001700010008004100027245011300068100002000181773005000201999001700251ART_3127420260410161840.0260409a 10aLa influencia de la ciudadanía en la creación de estándares normativos de lucha contra la corrupción1 aCumini, Cecilia0 tRAPg- Año 36, Nº 421 (oct. 2013)wREV5941 c24011d24011